=LDR 00000nam 2200000 4500 =001 INLIS000000000046921 =005 20150604122827.0 =006 =007 =008 =035 ##$$0010-061500000000010 =082 ##$$a 028.5 =090 ##$$a 028.5 sum r.ll =100 ##$$a suwignyo =245 ##$$a rahasia pulan anggrek =260 ##$$a citraunggul laksana =300 ##$$a hln.68 =850 ##$$a NPBMAT =990 ##$$a 0249/BPAP-NTB/2015 =990 ##$$a 0249/BPAP-NTB/2015 =990 ##$$a 07320732 =990 ##$$a 1202200732 =990 ##$$a 0249/BPAP-NTB/2015